Evaluation of puncture tapping technique combined with stimulation practices for early latex extraction on Hevea (Record no. 58986)

MARC details
000 -LEADER
fixed length control field 00651nam a2200181Ia 4500
100 ## - MAIN ENTRY--AUTHOR NAME
Personal name Muhammad Akbar Abdul Gaffar
245 #0 - TITLE STATEMENT
Title Evaluation of puncture tapping technique combined with stimulation practices for early latex extraction on Hevea
260 ## - PUBLICATION, DISTRIBUTION, ETC. (IMPRINT)
Name of publisher IRRDB Natural Rubber Conference 2008, 13-15 October 2008, Kuala Lumpur, Malaysia: Abstract of papers
500 ## - GENERAL NOTE
General note Source Year: 2008
650 ## - SUBJECT ADDED ENTRY--TOPICAL TERM
Topical Term Early latex extraction
650 ## - SUBJECT ADDED ENTRY--TOPICAL TERM
Topical Term Puncture tapping technique
700 ## - ADDED ENTRY--PERSONAL NAME
Personal name Abang Mega Arjuna
700 ## - ADDED ENTRY--PERSONAL NAME
Personal name Nazri Shima
700 ## - ADDED ENTRY--PERSONAL NAME
Personal name Sheng Goh Sou
856 ## - ELECTRONIC LOCATION AND ACCESS
Uniform Resource Identifier Abst only
942 ## - ADDED ENTRY ELEMENTS (KOHA)
Koha item type Journals
Holdings
Withdrawn status Lost status Damaged status Not for loan Home library Current library Shelving location Date acquired Koha item type
      Journals RRII Library RRII Library Plant physiology 28/01/2009 Journals